Welthauptstädte durch die ersten 2 Buchstaben in 3 Minuten - Statistiken

Allgemein
  • Dieses Quiz wurde 984 mal gespielt
  • Das Durchschnittsergebnis liegt bei 148 aus 197
Antwortstatistiken
Land Hauptstadt % Korrekt
China Peking
99%
Libanon Beirut
98%
Serbien Belgrad
98%
Belize Belmopan
98%
Deutschland Berlin
98%
Schweiz Bern
98%
Südafrika Pretoria, Kapstadt oder Bloemfontein
98%
Gabun Libreville
97%
Malawi Lilongwe
97%
Peru Lima
97%
Portugal Lissabon
97%
Spanien Madrid
97%
Marshallinseln Majuro
97%
Äquatorial-Guinea Malabo
97%
Malediven Malé
97%
Nicaragua Managua
97%
Bahrain Manama
97%
Philippinen Manila
97%
Mosambik Maputo
97%
Lesotho Maseru
97%
Oman Maskat
97%
Somalia Mogadischu
97%
Monaco Monaco
97%
Liberia Monrovia
97%
Uruguay Montevideo
97%
Komoren Moroni
97%
Russland Moskau
97%
Mikronesien Palikir
97%
Panama Panama-Stadt
97%
Suriname Paramaribo
97%
Frankreich Paris
97%
Palästina Ramallah oder Ostjerusalem
97%
Kiribati South Tarawa
96%
Brasilien Brasília
95%
Slowakei Bratislava
95%
Kongo Brazzaville
95%
Barbados Bridgetown
95%
Belgien Brüssel
95%
Finnland Helsinki
95%
Ungarn Budapest
94%
Argentinien Buenos Aires
94%
Rumänien Bukarest
94%
Irland Dublin
94%
Tadschikistan Duschanbe
94%
Grenada Saint George's
94%
Antigua und Barbuda Saint John's
94%
Jemen Sanaa
94%
Costa Rica San José
94%
San Marino San Marino
94%
El Salvador San Salvador
94%
Chile Santiago
94%
Dominikanische Republik Santo Domingo
94%
São Tomé und Príncipe São Tomé
94%
Bosnien und Herzegowina Sarajevo
94%
Andorra Andorra la Vella
93%
Türkei Ankara
93%
Madagaskar Antananarivo
93%
Togo Lomé
93%
Vereinigtes Königreich London
93%
Island Reykjavík
93%
Dänemark Kopenhagen
92%
Liechtenstein Vaduz
92%
Malta Valletta
92%
Vatikanstadt Vatikanstadt
92%
Polen Warschau
92%
Vereinigte Staaten Washington DC
92%
Jordanien Amman
91%
Niederlande Amsterdam
91%
Angola Luanda
91%
Sambia Lusaka
91%
Luxemburg Luxemburg
91%
Belarus Minsk
91%
Italien Rom
91%
Dominica Roseau
91%
Bulgarien Sofia
91%
Griechenland Athen
90%
Ukraine Kiew
90%
Ruanda Kigali
90%
Jamaika Kingston
90%
St Vincent und die Grenadinen Kingstown
90%
Dem Rep Kongo Kinshasa
90%
Saudi-Arabien Riad
90%
Lettland Riga
90%
Taiwan Taipeh
90%
Estland Tallinn
90%
Usbekistan Taschkent
90%
Österreich Wien
90%
Namibia Windhoek
90%
Afghanistan Kabul
89%
Ägypten Kairo
89%
Uganda Kampala
89%
Nepal Kathmandu
89%
Irak Bagdad
87%
Aserbaidschan Baku
87%
Mali Bamako
87%
Brunei Bandar Seri Begawan
87%
Thailand Bangkok
87%
Zentralafrikanische Republik Bangui
87%
Gambia Banjul
87%
St Kitts und Nevis Basseterre
87%
Norwegen Oslo
87%
Tschechien Prag
87%
Cabo Verde Praia
87%
Kosovo Priština
87%
Georgien Tiflis
86%
Albanien Tirana
86%
Schweden Stockholm
85%
Seychellen Victoria
84%
Laos Vientiane
84%
Litauen Vilnius
84%
Kroatien Zagreb
81%
Benin Porto-Novo oder Cotonou
76%
Japan Tokio
75%
Armenien Jerewan
74%
Israel Jerusalem
74%
Montenegro Podgorica
74%
Haiti Port-au-Prince
74%
Mauritius Port Louis
74%
Papua-Neuguinea Port Moresby
74%
Trinidad und Tobago Port-of-Spain
74%
Vanuatu Port Vila
74%
Vietnam Hanoi
73%
Simbabwe Harare
73%
Kuba Havanna
73%
Palau Ngerulmud
73%
Honduras Tegucigalpa
73%
Iran Teheran
73%
Mexiko Mexiko-Stadt
72%
Indien Neu-Delhi
72%
Australien Canberra
69%
Venezuela Caracas
69%
St Lucia Castries
69%
Moldawien Chișinău
68%
Indonesien Jakarta
68%
Kamerun Jaunde
68%
Bolivien La Paz oder Sucre
68%
Senegal Dakar
67%
Syrien Damaskus
67%
Turkmenistan Aşgabat
66%
Eritrea Asmara
66%
Paraguay Asunción
66%
Malaysia Kuala Lumpur
64%
Kuwait Kuwait-Stadt
64%
Slowenien Ljubljana
64%
Kenia Nairobi
63%
Bahamas Nassau
63%
Myanmar Naypyidaw
63%
Singapur Singapur
63%
Südkorea Seoul
62%
Nordmazedonien Skopje
62%
Tansania Dodoma
59%
Katar Doha
59%
Niger Niamey
59%
Zypern Nikosia
59%
Kolumbien Bogotá
58%
Guatemala Guatemala-Stadt
56%
Kanada Ottawa
55%
Kirgisistan Bischkek
53%
Guinea-Bissau Bissau
53%
Algerien Algier
52%
Pakistan Islamabad
48%
Marokko Rabat
48%
Neuseeland Wellington
47%
Sri Lanka Colombo
46%
Mongolei Ulaanbaatar
46%
Vereinigte Arabische Emirate Abu Dhabi
45%
Nigeria Abuja
45%
Nordkorea Pjöngjang
43%
Fidschi Suva
43%
Tunesien Tunis
42%
Timor-Leste Dili
41%
Tonga Nukuʻalofa
41%
Kasachstan Nur-Sultan
41%
Bangladesch Dhaka
40%
Äthiopien Addis Abeba
38%
Ecuador Quito
38%
Kambodscha Phnom Penh
37%
Guyana Georgetown
36%
Bhutan Thimphu
34%
Ghana Accra
33%
Libyen Tripolis
33%
Botswana Gaborone
32%
Mauretanien Nouakchott
32%
Guinea Conakry
31%
Salomonen Honiara
30%
Dschibuti Dschibuti
28%
Burundi Gitega
26%
Südsudan Juba
25%
Burkina Faso Ouagadougou
22%
Sierra Leone Freetown
20%
Tuvalu Funafuti
20%
Côte d'Ivoire Yamoussoukro
20%
Nauru Yaren
20%
Samoa Apia
16%
Sudan Khartum
14%
Eswatini Mbabane
11%
Tschad N'Djamena
10%
Keine übereinstimmenden Quizze gefunden
Verteilung der Resultate
Anzahl Personen mit jedem Resultat
Perzentil nach korrekt beantworteten Fragen
Ihre Resultats-Entwicklung
Sie haben dieses Quiz noch nicht gespielt